Capitals of Latin America - Statistics

General Stats
  • This quiz has been taken 2,618 times
    2,603 since last reset
  • The average score is 15 of 21
Answer Stats
Country Capital % Correct
Argentina Buenos Aires
92%
Mexico Mexico City
90%
Brazil Brasilia
87%
Cuba Havana
85%
Chile Santiago
85%
Colombia Bogota
84%
Peru Lima
83%
Bolivia La Paz or Sucre
78%
Panama Panama City
75%
Ecuador Quito
75%
Venezuela Caracas
74%
El Salvador San Salvador
72%
Uruguay Montevideo
71%
Guatemala Guatemala City
67%
Costa Rica San Jose
65%
Dominican Republic Santo Domingo
58%
Paraguay Asuncion
57%
Haiti Port-au-Prince
53%
Nicaragua Managua
52%
Puerto Rico (USA) San Juan
51%
Honduras Tegucigalpa
47%
No matching quizzes found
Score Distribution
Percent of People with Each Score
Percentile by Number Answered
Your Score History
You have not taken this quiz since the last reset